BIBLIOTECA PODER JUDICIAL
Portal Judicial TDF

Instancia previa, obligatoria y excluyente / (Registro nro. 6529)

000 -LEADER
fixed length control field 01587nab a22002897a 4500
003 - CONTROL NUMBER IDENTIFIER
control field OSt
005 - DATE AND TIME OF LATEST TRANSACTION
control field 20260223094936.0
008 - FIXED-LENGTH DATA ELEMENTS--GENERAL INFORMATION
fixed length control field 190506c xxu||||| |||| 00| 0 spa d
040 ## - CATALOGING SOURCE
Transcribing agency PJ
100 ## - MAIN ENTRY--PERSONAL NAME
9 (RLIN) 7130
Personal name Acosta Cardozo, Lorena Rocío
245 10 - TITLE STATEMENT
Title Instancia previa, obligatoria y excluyente /
Statement of responsibility, etc Lorena Rocío Acosta Cardozo.
260 ## - PUBLICATION, DISTRIBUTION, ETC. (IMPRINT)
Place of publication, distribution, etc Buenos Aires :
Name of publisher, distributor, etc AbeledoPerrot,
Date of publication, distribution, etc 2024.
300 ## - PHYSICAL DESCRIPTION
Extent p. 17-22
500 ## - GENERAL NOTE
General note Cita: TR LALEY AR/DOC/48/2024.
505 ## - FORMATTED CONTENTS NOTE
Formatted contents note Sumario: I. Introducción.— II. Las comisiones médicas tienen como función dictaminar.— III. Contingencias cubiertas.— IV. Contingencias excluidas.— V. Constitucionalidad de la ley 27.348.— VI. Problemática actual del sistema de riesgos del trabajo.— VII. Más prevención menor riesgo y litigiosidad.— VIII. Exámenes médicos.— IX. Exámenes preocupacionales.— X. Modernización del derecho del trabajo.— XI. Conclusión.— XII. Bibliografía.— XIII. Artículos.— XIV. Páginas.
505 ## - FORMATTED CONTENTS NOTE
Title ¿Te interesa el texto completo? Comunicate al correo: koha@justierradelfuego.gov.ar
650 #0 - SUBJECT ADDED ENTRY--TOPICAL TERM
9 (RLIN) 1316
Topical term or geographic name as entry element DERECHO LABORAL
650 #0 - SUBJECT ADDED ENTRY--TOPICAL TERM
9 (RLIN) 1430
Topical term or geographic name as entry element RIESGOS DEL TRABAJO
650 #0 - SUBJECT ADDED ENTRY--TOPICAL TERM
9 (RLIN) 4942
Topical term or geographic name as entry element COMISIONES MÉDICAS
650 #0 - SUBJECT ADDED ENTRY--TOPICAL TERM
9 (RLIN) 5144
Topical term or geographic name as entry element ASEGURADOR POR RIESGOS DEL TRABAJO
650 #0 - SUBJECT ADDED ENTRY--TOPICAL TERM
9 (RLIN) 1406
Topical term or geographic name as entry element INCAPACIDAD LABORAL
650 #0 - SUBJECT ADDED ENTRY--TOPICAL TERM
9 (RLIN) 1417
Topical term or geographic name as entry element ACCIDENTES DE TRABAJO
650 #0 - SUBJECT ADDED ENTRY--TOPICAL TERM
9 (RLIN) 1405
Topical term or geographic name as entry element ENFERMEDAD PROFESIONAL
650 #0 - SUBJECT ADDED ENTRY--TOPICAL TERM
9 (RLIN) 1482
Topical term or geographic name as entry element LEY SOBRE RIESGOS DEL TRABAJO
773 0# - HOST ITEM ENTRY
Host Biblionumber 2751
Host Itemnumber 3202
Place, publisher, and date of publication Buenos Aires : AbeledoPerrot, 2013-
Title Revista de derecho laboral y seguridad social. Nº 3 - Febrero 2024
942 ## - ADDED ENTRY ELEMENTS (KOHA)
Source of classification or shelving scheme
Koha item type Analítica Artículo de Revista

No hay ítems disponibles.

12 de Octubre 789 Ushuaia - Tel:  54(02901)441571
Horario de Atención: 8.00 a 17.00 hs. 
bibliotecaush@justierradelfuego.gov.ar
koha@justierradelfuego.gov.ar
Seguinos en nuestras redes @bibliojustdf 

Con tecnología Koha